| 000 | 00000nam 2200000za 4500 |
| 001 | 9.696393 |
| 003 | CaOODSP |
| 005 | 20250129103338 |
| 007 | cr ||||||||||| |
| 008 | 150407|2013||||xxc|||||o f|0| 0 eng d |
| 020 | |a978-1-100-20937-1 |
| 040 | |aCaOODSP|beng |
| 043 | |an-cn--- |
| 086 | 1 |aEn56-238/2-2012E-PDF |
| 110 | 2 |aMeteorological Service of Canada. |
| 245 | 10|aMANOBS - Manual of surface weather observations |h[electronic resource] |
| 250 | |aSeventh edition, amendment 18 |
| 260 | |aOttawa - Ontario : |bEnvironment Canada. |cJanuary 2013. |
| 300 | |a500p.|bfigs., graph, tables, photographs, index |
| 590 | |a13-03|b2013-01-18 |
| 690 | 07|aWeather|2gcpds |
| 775 | 08|tMANOBS - Manuel d'observations météorologiques de surface |w(CaOODSP)9.640509 |
| 794 | |tMANOBS |w(CaOODSP)9.700161 |
| 856 | 40|ahttp://publications.gc.ca|qPDF|s8.41 MB|uhttps://publications.gc.ca/collections/collection_2013/ec/En56-238-2-2012-eng.pdf |